000 00679nam a22002057a 4500
003 OSt
005 20251221144218.0
008 251221b |||||||| |||| 00| 0 eng d
040 _cDCL
082 _a923.1591
100 0 _aBa U,
_cU
245 1 0 _aMy Burma :
_bthe autobiography of a President /
_cU Ba U; With a foreword by J. S. Furnivall.
260 _aNew York :
_bTaplinger Publishing,
_c1959.
300 _aXi, 206 pages :
_billustrations ;
_c20 cm.
600 _aBa U, U,
_d1887-1963
_xBiography
650 _aPresidents
_zMyanmar
_x Biography
650 _aStatesmen
_zBurma
_xBiography
700 1 _aFurnivall, J. S.
_eforeword
942 _2ddc
_cSHORT TERM
_n0
999 _c2769
_d2769